غبار خا کی (Record no. 2587)

MARC details
000 -LEADER
fixed length control field 00869 a2200229 4500
005 - DATE AND TIME OF LATEST TRANSACTION
control field 20081010160050.0
008 - FIXED-LENGTH DATA ELEMENTS--GENERAL INFORMATION
fixed length control field 081010t xxu||||| |||| 00| 0 ur d
010 ## - LCCN (DPL NO)
LC control number UR-7228
020 ## - INTERNATIONAL STANDARD BOOK NUMBER
Terms of availability 125.00
International Standard Book Number 8188413429
035 ## - SYSTEM CONTROL NUMBER
System control number U-5795
037 ## - SOURCE OF ACQUISITION
Source of stock number/acquisition D.B.Act/pub
082 ## - DEWEY DECIMAL CLASSIFICATION NUMBER
Classification number 847
100 ## - MAIN ENTRY--PERSONAL NAME
Personal name سبط اختر
245 ## - TITLE STATEMENT
Title غبار خا کی
Statement of responsibility, etc سبط اختر
246 ## - VARYING FORM OF TITLE
Title proper/short title Gubar-e-Khaki
Remainder of title by Sibte Akhter
260 ## - PUBLICATION, DISTRIBUTION, ETC. (IMPRINT)
Place of publication, distribution, etc نئ دھلی
Name of publisher, distributor, etc ايم آر پبليکيشنز
Date of publication, distribution, etc 2007
270 ## - ADDRESS
Address 2652/55،پہلی منزل کوچہ چيلان دريا گنج
City نئ دھلی
Postal code 110002
Telephone number 9810784549
Electronic mail address abdus26@hotmail.com
300 ## - PHYSICAL DESCRIPTION
Extent 142p
Dimensions 22cm/Hb
650 ## - SUBJECT ADDED ENTRY--TOPICAL TERM
Topical term or geographic name as entry element مز ا حيہ
942 ## - ADDED ENTRY ELEMENTS (KOHA)
Institution code [OBSOLETE] dpl
Item type Urdu Bks
Call number prefix /
Source of classification or shelving scheme Dewey Decimal Classification
Classification part 847
Call number suffix س ب ط
Holdings
Withdrawn status Lost status Source of classification or shelving scheme Damaged status Not for loan Collection code Home library Current library Date acquired Cost, normal purchase price Total Checkouts Full call number Barcode Date last seen Copy number Cost, replacement price Koha item type
    Dewey Decimal Classification   Not For Loan Non-fiction D.B.Act.Division D.B.Act.Division 10/10/2008 125.00   847 س ب ط U-5795 15/09/2008 1 125.00 Urdu Bks

© Delhi Public Library
Hit Counter
free hit counter